| 000 | 01845nam a22002897a 4500 | ||
|---|---|---|---|
| 001 | 8099 | ||
| 003 | FISKH | ||
| 005 | 20250822163715.0 | ||
| 008 | 250822b cb ||||| |||| 00| 0 eng d | ||
| 020 | _a9789996336041 | ||
| 040 |
_aFISKH _bkhr _cFISKH _dFISKH |
||
| 050 | _aPZ7 | ||
| 100 | _aTry, Sun | ||
| 245 |
_aឡានចូកដី / _cអ្នកនិពន្ធ លោក ស៊ុន ទ្រី , វិចិត្រករ លោក គូ គុណធា |
||
| 260 |
_aភ្នំពេញ : _bរោងពុម្ព ធី អេស ភី អេច , _c2015 ,. |
||
| 300 |
_a14 pages : _bcolor illustrations ; _c25 cm . |
||
| 505 | _aK | ||
| 520 | _aសុភីស្រម៉ៃចង់បើកឡានចូកដី ដូចប៉ារបស់នាងដែរ ។ នាងខំប្រឺងទាញចង្កឺះលេខ ជាន់ហ្វ្រាំង កាច់ចង្កូតឡាន ប៉ុន្តែមិនបានសម្រេចដូចបំណង ។ នាងអង្គុយតូចចិត្តតែម្នាក់ឯង ។ ក្រោយមកទើបនាងសម្រេចបំនងនាងបាន។ នាងបានប្តជ្ញាថា ពេលធំឡើង នាងនឺងបើកឡានចូកដីធំៗអោយដូចជាប៉ារបស់នាងដែរ ។ | ||
| 520 | _aSophy dreams of driving a backhoe like her father. She tries to pull the gears, brakes and turn the wheel, but fails . And yet her determination is rewarded with a surprise gift . | ||
| 521 | 8 |
_a510
_bLexile estimate |
|
| 521 | 8 |
_aK
_bRaz-Plus |
|
| 650 | _aឡានចូកដី | ||
| 650 | _aThe bakhoe | ||
| 700 |
_aKunthea, Kou _eIllustrator |
||
| 942 |
_2ddc _cKHB _n0 |
||
| 999 |
_c8099 _d8099 |
||